| 000 | 00590nam a2200193 a 4500 | ||
|---|---|---|---|
| 005 | 20140310183251.0 | ||
| 008 | 041019s19uu xx 00 eng d | ||
| 020 | _a0205330843 | ||
| 050 |
_aLB 2359.3 _b.W575 2003 |
||
| 100 | _aWintner, Gene | ||
| 245 | _aTextcerpts mastering college textbook reading/. | ||
| 260 |
_aU.S.A : _bPearson Education Inc, _c2003. |
||
| 300 |
_a361 p. : _bill. ; _c27 cm. |
||
| 500 | _aIncludes bibliographical references and index. | ||
| 650 | _aReading ( Higher education). | ||
| 650 | _aReading comprehension. | ||
| 942 |
_cBK _2lcc _kFOR |
||
| 999 |
_c20783 _d20783 |
||